| 000 | 00881nam a22001577a 4500 | ||
|---|---|---|---|
| 999 |
_c524823 _d524823 |
||
| 008 | 240118b ||||| |||| 00| 0 eng d | ||
| 100 |
_aKumar, K.R. Saji _948178 |
||
| 245 | _aTrusting citizens: Decriminalisation way | ||
| 260 | _aYojana | ||
| 300 | _a68(1), Jan, 2024: p.13-15 | ||
| 520 | _aThe objective of the new law is to convert imprisonment for minor offences to monetary penalty wherever possible and to rationalise the penalties depending on the gravity of the offences. It is to avoid dragging people to court premises for smaller, or petty contraventions, or unintended violations; instead, the bill provides for monetary penalties and adjudication by authorities other than formal criminal courts. – Reproduced | ||
| 650 |
_aJan Vishwas Amendment of Provisions Bill 2023, Jan Vishwas Act 2023 _948179 |
||
| 773 | _aYojana | ||
| 906 | _aLAWS | ||
| 942 | _cAR | ||